Normal view MARC view

Entry Personal Name

Number of records used in: 2

001 - CONTROL NUMBER

  • control field: 9366

003 - CONTROL NUMBER IDENTIFIER

  • control field: DLC

005 - DATE AND TIME OF LATEST TRANSACTION

  • control field: 20230826123642.0

008 - FIXED-LENGTH DATA ELEMENTS

  • fixed length control field: 090813n| acannaabn |n aaa

010 ## - LIBRARY OF CONGRESS CONTROL NUMBER

  • LC control number: n 2009051188

040 ## - CATALOGING SOURCE

  • Original cataloging agency: DLC
  • Language of cataloging: eng
  • Transcribing agency: DLC

100 1# - HEADING--PERSONAL NAME

  • Personal name: Siddaiah, Thummuluri,
  • Dates associated with a name: 1951-

670 ## - SOURCE DATA FOUND

  • Source citation: Siddaiah, Thummuluri. International financial management, c2009:
  • Information found: eCIP t.p. (Thummuluri Siddaiah) data sheet (b. June 1, 1951; Ph.D., professor of management at Sri Ventakeswara University, Tirupati, India)

Powered by Koha